| 000 | 01305nam a22003494a 4500 | ||
|---|---|---|---|
| 001 | ebr10001740 | ||
| 003 | CaPaEBR | ||
| 006 | m u | ||
| 007 | cr cn||||||||| | ||
| 008 | 001005s2001 nyu sb 001 0 eng | ||
| 010 | _z 00050456 | ||
| 020 | _z0471379085 (alk. paper) | ||
| 040 |
_aCaPaEBR _cCaPaEBR |
||
| 035 | _a(OCoLC)614519171 | ||
| 050 | 1 | 4 |
_aHG4521 _b.K455 2001eb |
| 082 | 0 | 4 |
_a332.63/2/02854678 _221 |
| 100 | 1 | _aKiev, Ari. | |
| 245 | 1 | 0 |
_aTrading in the zone _h[electronic resource] : _bmaximizing performance with focus and discipline / _cAri Kiev. |
| 260 |
_aNew York : _bJohn Wiley & Sons, _cc2001. |
||
| 300 | _aix, 230 p. | ||
| 490 | 1 | _aWiley online trading for a living | |
| 504 | _aIncludes index. | ||
| 533 |
_aElectronic reproduction. _bPalo Alto, Calif. : _cebrary, _d2013. _nAvailable via World Wide Web. _nAccess may be limited to ebrary affiliated libraries. |
||
| 650 | 0 | _aElectronic trading of securities. | |
| 650 | 0 | _aInvestments. | |
| 650 | 0 | _aStock exchanges. | |
| 650 | 0 | _aInvestment analysis. | |
| 655 | 7 |
_aElectronic books. _2local |
|
| 710 | 2 | _aebrary, Inc. | |
| 830 | 0 | _aWiley online trading for a living. | |
| 856 | 4 | 0 |
_uhttp://site.ebrary.com/lib/rucke/Doc?id=10001740 _zAn electronic book accessible through the World Wide Web; click to view |
| 999 |
_c4742 _d4742 |
||